000 00294nam a2200121Ia 4500
005 20251222155138.0
008 251222s9999||||xx |||||||||||||| ||spa||
082 _aPED.55
245 0 _aManual de procedimientos y protocolos de atención
250 _a1ra. ed.
264 _bMinsa
942 _cLIB
999 _c39079
_d39079